01354 a2200181 45000010006000000050017000060080041000230030015000640400040000790800056001192450052001752640050002273000023002775050791003001000020010917000023011117000038011342503520260407155534.0260407a1973 arg spa dAR-UNSa-BCEJYS aAR-UNSa-BCEJYSbspacAR-UNSa-BCEJYS a519.2xProbabilidades y estadística matemática 10aElementos modernos de estadística empresarial 1aBogotá :bPrentice/Hall Internacionalc1973 aix, 461 p.c24 cm. a1. Introducción - 2. Reducción de datos : distribuciones de frecuencias - 3. Reducción de datos : descripciones estadísticas - 4. Reducción de datos : números índices - 5. Probabilidades - 6. Esperanzas, juegos y decisiones - 7. Distribuciones de probabilidad - 8. Muestreo y distribuciones muestrales - 9. Teoría de la decisión : Estimación - 10. Teoría de la decisión : Contraste de hipótesis - 11. Decisión : Análisis de la varianza - 12. Decisión : Estadígrafos simplificados y métodos no paramétricos - 13. Teoría de la decisión : regresión y correlación - 14. Teoría de la decisión : Análisis de series cronológicas - 15. Planeación de la investigación empresarisl - 16. Introducción a la investigación de operaciones.1 aFreund, John E.1 aWilliams, Frank J.1 aCastaño Ceballos, Jesús Maria